000 01151cab a2200253 4500
001 ABS53234
008 090401t1995 xxu||||| |||| 00| 0 eng d
035 _a(Sirsi) u2813
041 _aeng
245 _aBannocks v SoS Transport
260 _c1995
350 _a0
490 _aEstates Gazette
_v(1995) 28 EG 106-112; (1995) 29 EG 122-125(11)
520 _aLT 24 August 1995. A claim for compensation for depreciation in value of a house following the opening of the M40 was barred by Land Compensation Act 1973 s8 as compensation had already been paid for a claim by the present claimant`s company for the acquisition of land for construction of the motorway and injurious affection to the residue of the holding, of which the house was a part.
650 _aDOUBLE COMPENSATION
650 _aDOUBLE PAYMENTS
650 _aINCORPORATION
650 _aLAND COMPENSATION ACT 1973 S8
650 _aNOISE
650 _aPROPERTY-INFRASTRUCTURE-TRANSPORT INFRASTRUCTURE-ROAD INFRASTRUCTURE
690 _aENVIRONMENTAL AND LAND CONSULTANCY-PLANNING AND DEVELOPMENT-COMPULSORY PURCHASE AND COMPENSATION
942 _n0
948 _c04/03/1997
999 _c1693
_d1693